Реалізація та захист земельних прав в Україні: проблеми теорії та практики (Запис № 571272)

МАРК-запис
000 -Лідер
fixed length control field 02553 a2200253 4500
003 - Ідентифікатор контрольного номера
control field UA-OsUOA
005 - Дата та час останнього входження (трансакції)
control field 20210817161818.0
008 - Елементи даних фіксованої довжини – загальна інформація
fixed length control field 210817b un ||||| |||| 00| 0 ukr d
020 ## - Міжнародний стандартний книжковий номер (ISBN)
Міжнародний стандартний книжковий номер (ISBN) (НП) 9789669921772
040 ## - Джерело каталогізації
Агенція оригінальної каталогізації UA-OsUOA
Мова каталогізації ukr
Агенція, яка здійснювала перезапис UA-OsUOA
Агенція, яка здійснювала модифікацію UA-OsUOA
041 ## - Код мови
Код мови тексту/ звукової доріжки чи окремого заголовка (П) ukr
080 ## - Індекс Універсальної десяткової класифікації
Індекс Універсальної десяткової класифікації (УДК) (НП) 349.4(477)
090 ## - Локальний шифр розміщення
Класифікаційний індекс УДК 349.4(477)
Авторський знак (НП) Ф35
100 ## - Основне введення – ім’я особи
Ім’я особи (НП) Федчишин Д. В.
245 ## - Відомості про назву
Назва (НП) Реалізація та захист земельних прав в Україні: проблеми теорії та практики
Решта назви (НП) монографія
Дані про відповідальність (НП) Дмитро Федчишин
260 ## - Публікація, розповсюдження і т.п. (Вихідні дані)
Місце публікації, розповсюдження і т.п. (П) Запоріжжя
Ім’я/ наймення видавництва, розповсюджувача і т.п. (П) Гельветика
Дата публікації, розповсюдження і т.п. (П) 2020
300 ## - Фізичний опис
Обсяг 418 с.
505 00 - Форматована примітка про зміст
Форматована примітка про зміст Зміст<br/>1. Теоретичні основи земельних прав у правовій доктрині України<br/>2. Юридичне забезпечення реалізації земельних прав<br/>3. Інституційно-функціональне забезпечення захисту земельних прав
520 ## - Резюме і т.п.
Резюме, реферат, анотація, тощо (НП) Монографія присвячена всебічному й комплексному дослідженню теоретичних і практичних проблем реалізації та захисту земельних прав в Україні. Розглянуто особливості реалізації земельних прав, встановлені принципи та межі реалізації земельних прав, а також досліджено механізм реалізації земельних прав. Особливу увагу приділено проблемам захисту земельних прав, його способам і формам. Розрахована на науковців, викладачів, аспірантів, студентів юридичних вищих навчальних закладів, практикуючих юристів, працівників органів державної влади й органів місцевого самоврядування, а також усіх, кого цікавлять проблеми земельного права та практика його застосування.
650 ## - Додаткове предметне введення – тематичний термін
Джерело заголовка чи терміна UDC
Тематичний термін чи географічна назва, як елемент введення (НП) 349 Спеціальні галузі права змішаного характеру
942 ## - Додаткові елементи входу (Коха)
Тип елемента Koha Книги
Source of classification or shelving scheme Universal Decimal Classification
955 ## - Код типу видання за змістом
Код типу видання за змістом (НП) Наукові видання
Фонди
Стан вилучень Стан втрат Джерело класифікації або схеми стелажів Стан уражень Не для кредиту Код колекції Постійне місце розташування Поточне розміщення Дата придбання Джерело придбання Вартість, звичайна ціна покупки Усього замовленно Повний номер виклику Штрих-код Дата останнього перегляду Вартість, ціна заміни Ціна ефективна від Тип елемента Koha
    Universal Decimal Classification     Колекція Колоса М.І. ЧЗ - Читальна зала ЧЗ - Читальна зала 17/08/2021 №22/03.08.21 60.00   349.4(477) Ф35 163796 11/02/2022 60.00 17/08/2021 Книги